Hurganito: ejercicios de lectura y escritura
Đã lưu trong:
| Tác giả chính: | |
|---|---|
| Định dạng: | Sách |
| Ngôn ngữ: | Tiếng Tây Ban Nha |
| Được phát hành: |
Santiago
Universitaria
1989
|
| Loạt: | Colección Apoyo Escolar
|
| Những chủ đề: | |
| Các nhãn: |
Thêm thẻ
Không có thẻ, Là người đầu tiên thẻ bản ghi này!
|
MARC
| LEADER | 00000nam a2200000 a 4500 | ||
|---|---|---|---|
| 001 | UCW4367 | ||
| 003 | CL-VaPUC | ||
| 008 | 900314e19890000CL |||||||||||||||||spa|d | ||
| 082 | 0 | 4 | |a 371.914 |b CON |2 21 |
| 100 | 0 | |a Condemarín Grimberg, Mabel |e author |9 309099 | |
| 245 | 1 | 0 | |a Hurganito: ejercicios de lectura y escritura |
| 300 | |a 217 p | ||
| 942 | |c BK | ||
| 945 | |d 19900314 00:00:00 | ||
| 260 | |a Santiago |b Universitaria |c 1989 | ||
| 650 | 0 | |a Dislexia |9 307487 | |
| 583 | |a last modification |c 19900314 00:00:00 |k Rodrigo Vera | ||
| 490 | 0 | |a Colección Apoyo Escolar | |
| 999 | |c 218129 |d 218127 | ||
| 952 | |0 0 |1 0 |4 0 |6 371_914000000000000_CON_1989 |7 0 |8 A |9 207107 |a BIBEDU |b BIBEDU |d 2019-11-15 |i 2748711 |l 2 |o 371.914 CON 1989 |p 2748711 |r 2024-06-11 |s 2024-06-10 |w 2019-11-15 |y BK |k EDU | ||
| 952 | |0 0 |1 0 |4 0 |6 371_914000000000000_CON_1989 |7 0 |8 A |9 207108 |a BIBEDU |b BIBEDU |d 2019-11-15 |i 2748738 |o 371.914 CON 1989 |p 2748738 |r 2019-11-15 |w 2019-11-15 |y BK |k EDU | ||
| 952 | |0 0 |1 0 |4 0 |6 371_914000000000000_CON_1989 |7 0 |8 A |9 207109 |a BIBEDU |b BIBEDU |d 2019-11-15 |i 2748754 |o 371.914 CON 1989 |p 2748754 |r 2019-11-15 |w 2019-11-15 |y BK |k EDU | ||
| 952 | |0 0 |1 0 |4 0 |6 371_914000000000000_CON_1989 |7 0 |8 A |9 207110 |a BIBEDU |b BIBEDU |d 2019-11-15 |i 1536605 |o 371.914 CON 1989 |p 1536605 |r 2019-11-15 |w 2019-11-15 |y BK |k EDU | ||
| 952 | |0 0 |1 0 |4 0 |6 371_914000000000000_CON_1989 |7 0 |8 A |9 207111 |a BIBEDU |b BIBEDU |d 2019-11-15 |i 1536613 |o 371.914 CON 1989 |p 1536613 |r 2019-11-15 |w 2019-11-15 |y BK |k EDU | ||
| 952 | |0 0 |1 0 |4 0 |6 371_914000000000000_CON_1989 |7 0 |8 A |9 207112 |a BIBEDU |b BIBEDU |d 2019-11-15 |i 1601857 |l 1 |o 371.914 CON 1989 |p 1601857 |r 2024-06-06 |s 2024-06-06 |w 2019-11-15 |y BK |k EDU | ||